<?xml version="1.0" encoding="UTF-8"?>
<record
    xmlns:xsi="http://www.w3.org/2001/XMLSchema-instance"
    xsi:schemaLocation="http://www.loc.gov/MARC21/slim http://www.loc.gov/standards/marcxml/schema/MARC21slim.xsd"
    xmlns="http://www.loc.gov/MARC21/slim">

  <leader>00519cam a22002172a 4500</leader>
  <controlfield tag="001">  000261</controlfield>
  <controlfield tag="003">  AR-FADEU</controlfield>
  <controlfield tag="008">  311216n1992####xxu####################dd</controlfield>
  <datafield tag="020" ind1=" " ind2=" ">
    <subfield code="a">84-309-1426-9</subfield>
  </datafield>
  <datafield tag="092" ind1=" " ind2=" ">
    <subfield code="a">142.8</subfield>
    <subfield code="b">M123-2</subfield>
  </datafield>
  <datafield tag="100" ind1=" " ind2=" ">
    <subfield code="a">McCarthy, Thomas</subfield>
  </datafield>
  <datafield tag="245" ind1=" " ind2=" ">
    <subfield code="a">La teor&#xED;a cr&#xED;tica de J&#xFC;rgen Habermas</subfield>
  </datafield>
  <datafield tag="250" ind1=" " ind2=" ">
    <subfield code="a">2a. ed</subfield>
  </datafield>
  <datafield tag="260" ind1=" " ind2=" ">
    <subfield code="a">Madrid</subfield>
  </datafield>
  <datafield tag="260" ind1=" " ind2=" ">
    <subfield code="b">Tecnos</subfield>
  </datafield>
  <datafield tag="260" ind1=" " ind2=" ">
    <subfield code="c">1992</subfield>
  </datafield>
  <datafield tag="300" ind1=" " ind2=" ">
    <subfield code="a">479 p</subfield>
  </datafield>
  <datafield tag="440" ind1=" " ind2=" ">
    <subfield code="a">Filosof&#xED;a y ensayo</subfield>
  </datafield>
  <datafield tag="650" ind1=" " ind2=" ">
    <subfield code="a">HABERMAS, JURGEN; TEORIA CRITICA</subfield>
  </datafield>
  <datafield tag="942" ind1=" " ind2=" ">
    <subfield code="c">BDGR</subfield>
  </datafield>
  <datafield tag="999" ind1=" " ind2=" ">
    <subfield code="c">6104</subfield>
    <subfield code="d">6104</subfield>
  </datafield>
  <datafield tag="952" ind1=" " ind2=" ">
    <subfield code="0">0</subfield>
    <subfield code="1">0</subfield>
    <subfield code="4">0</subfield>
    <subfield code="7">0</subfield>
    <subfield code="a">AR-FADEU</subfield>
    <subfield code="b">AR-FADEU</subfield>
    <subfield code="d">2017-02-20</subfield>
    <subfield code="i">9762</subfield>
    <subfield code="l">1</subfield>
    <subfield code="o">142.8 M123-2</subfield>
    <subfield code="p">9762</subfield>
    <subfield code="r">2019-05-14 00:00:00</subfield>
    <subfield code="s">2019-05-09</subfield>
    <subfield code="w">2017-02-20</subfield>
    <subfield code="y">BDGR</subfield>
  </datafield>
</record>
